The avocado: botany, production and uses
Uloženo v:
| Hlavní autoři: | , , |
|---|---|
| Médium: | Kniha |
| Jazyk: | angličtina |
| Vydáno: |
Wallingford
CABI
2013
|
| Vydání: | 2a. ed |
| Témata: | |
| Tagy: |
Přidat tag
Žádné tagy, Buďte první, kdo vytvoří štítek k tomuto záznamu!
|
MARC
| LEADER | 00000cam a2200000 a 4500 | ||
|---|---|---|---|
| 001 | UCF6918 | ||
| 003 | CL-VaPUC | ||
| 008 | 130530e20130000UK |||||||||||||||||eng|d | ||
| 020 | |a 9781845937010 | ||
| 082 | 0 | 4 | |a 634.653 |b SCH |2 21 |
| 100 | 0 | |a Schaffer, Bruce |e author |9 568889 | |
| 700 | 0 | |a Wolstenholme, B. Nigel |e author |9 568890 | |
| 700 | 0 | |a Whiley, Anthony W |e author |9 568891 | |
| 245 | 1 | 4 | |a The avocado: botany, production and uses |
| 250 | |a 2a. ed | ||
| 300 | |a 560 p | ||
| 942 | |c BK | ||
| 945 | |d 20130530 00:00:00 |a cmena | ||
| 260 | |a Wallingford |b CABI |c 2013 | ||
| 650 | 0 | |a Palta (Aguacate) |9 403461 | |
| 650 | 0 | |a Producción agrícola |9 353481 | |
| 650 | 0 | |a Persea americana |9 403599 | |
| 650 | 0 | |a Cultivo |9 264268 | |
| 583 | |a last modification |c 20130530 09:49:00 |k Rodrigo Vera | ||
| 999 | |c 351913 |d 351911 | ||
| 952 | |0 0 |1 0 |4 0 |6 634_653000000000000_SCH_2013 |7 0 |8 A |9 456337 |a BIBAGR |b BIBAGR |d 2019-11-22 |i 4976517 |o 634.653 SCH 2013 |p 4976517 |r 2025-01-20 |w 2019-11-22 |y BK |k AGR | ||
| 952 | |0 0 |1 0 |4 0 |6 634_653000000000000_SCH_2013 |7 0 |8 A |9 456338 |a BIBAGR |b BIBAGR |d 2019-11-22 |i 4976525 |l 1 |o 634.653 SCH 2013 |p 4976525 |r 2025-01-20 |s 2022-10-26 |w 2019-11-22 |y BK |k AGR | ||
| 952 | |0 0 |1 0 |4 0 |6 634_653000000000000_SCH_2013 |7 0 |8 A |9 456339 |a BIBAGR |b BIBAGR |d 2019-11-22 |i 4976533 |o 634.653 SCH 2013 |p 4976533 |r 2025-01-20 |w 2019-11-22 |y BK |k AGR | ||